UBT Library

Scientific social surveys and research (Record no. 57517)

000 -LEADER
fixed length control field 00298nam a22001337a 4500
008 - FIXED-LENGTH DATA ELEMENTS--GENERAL INFORMATION
fixed length control field 210519b ||||| |||| 00| 0 eng d
041 ## - LANGUAGE CODE
Language code of text/sound track or separate title eng
080 ## - UNIVERSAL DECIMAL CLASSIFICATION NUMBER
Universal Decimal Classification number 316
082 ## - DEWEY DECIMAL CLASSIFICATION NUMBER
Classification number 316
100 ## - Rafti
Rafti 50
101 ## - Shkurtesa
Shkurtesa SOC
245 ## - TITLE STATEMENT
Title Scientific social surveys and research
Statement of responsibility, etc Young,P.V
942 ## - ADDED ENTRY ELEMENTS (KOHA)
Source of classification or shelving scheme
Item type Books
Holdings
Withdrawn status Lost status Source of classification or shelving scheme Damaged status Not for loan Collection code Permanent location Current location Shelving location Date acquired Total Checkouts Full call number Barcode Date last seen Price effective from Koha item type
          Koleksioni i përgjithshem UBT - Lipjan UBT - Lipjan Koleksioni i përgjithshem 05/19/2021   316 YOU 002-5000764 05/19/2021 05/19/2021 Books
UBT Library © 2015-2024. All rights reserved University Education for Business and Technology